| Tag |
First Indicator |
Second Indicator |
Subfields |
| LEADER |
00000cim a2200000Ma 4500 |
| 001 |
in00002362849 |
| 005 |
20151108084930.0 |
| 007 |
sd fungnnmmnee |
| 008 |
970605r20031975dcunnnn i p n eng d |
| 010 |
|
|
|a 75750459
|
| 028 |
0 |
0 |
|a FL 9738
|b Smithsonian Folkways Recordings
|
| 028 |
0 |
0 |
|a FL 9738
|b Folkways Records
|
| 035 |
|
|
|a (OCoLC)ocm70464873
|
| 035 |
|
|
|a (OCoLC)70464873
|
| 040 |
|
|
|a UAB
|c UAB
|d TXA
|d UtOrBLW
|
| 041 |
0 |
|
|d eng
|g eng
|
| 049 |
|
|
|a TXAM
|
| 090 |
|
|
|a PS3529.L655
|b M3 2003
|
| 100 |
1 |
|
|a Olson, Charles,
|d 1910-1970.
|
| 240 |
1 |
0 |
|a Maximus poems.
|k Selections
|
| 245 |
1 |
0 |
|a Charles Olson reads from Maximus poems IV, V, VI.
|
| 264 |
|
1 |
|a Washington, D.C. :
|b Smithsonian Folkways Recordings,
|c [2003], 1975.
|
| 300 |
|
|
|a 1 sound disc :
|b digital ;
|c 4 3/4 in.
|
| 336 |
|
|
|a spoken word
|b spw
|2 rdacontent
|
| 337 |
|
|
|a audio
|b s
|2 rdamedia
|
| 338 |
|
|
|a audio disc
|b sd
|2 rdacarrier
|
| 490 |
1 |
|
|a Custom compact disc series
|
| 500 |
|
|
|a Compact disc.
|
| 500 |
|
|
|a Contains also the author's Mayan letters, number 5, 7, 13.
|
| 500 |
|
|
|a Introductory text (1 folded sheet ; 28 cm.) inserted in container.
|
| 500 |
|
|
|a Smithsonian Folkways Recordings: FL 9738.
|
| 500 |
|
|
|a Previously issued in 1975 as analog disc, Folkways Records: FL 9738.
|
| 500 |
|
|
|a Sound recording.
|
| 700 |
1 |
2 |
|a Olson, Charles,
|d 1910-1970.
|t Mayan letters.
|k Selections.
|
| 700 |
1 |
|
|a Miles, Barry,
|d 1947-
|
| 700 |
1 |
|
|a Olson, Charles,
|d 1910-1970.
|
| 710 |
2 |
|
|a Smithsonian/Folkways Recordings.
|
| 830 |
|
0 |
|a Custom compact disc series.
|
| 948 |
|
|
|a cataloged
|b h
|c 2008/2/25
|d c
|e jgreene
|f 10:25:45 am
|
| 994 |
|
|
|a C0
|b TXA
|
| 999 |
|
|
|a MARS
|
| 999 |
f |
f |
|s df9e8f9b-8daf-3db7-874e-8615aa54bc1f
|i 35e902cb-0dc7-3287-a88a-7ca87bc7171c
|t 0
|
| 952 |
f |
f |
|p ric
|a Texas A&M University
|b Rellis Campus
|c Joint Library Facility
|d Remote Storage
|t 0
|e PS3529.L655 M3 2003
|h Library of Congress classification
|i audio -- audio disc
|m A14834398026
|
| 998 |
f |
f |
|a PS3529.L655 M3 2003
|t 0
|l Remote Storage
|